000 00526nam a2200193Ia 4500
005 20250508163655.0
008 008 250505s9999 xx 000 0 eng d
020 _a81-212-0561-1
037 _aTextual
040 _aFEDL
_beng
_cFEDL
041 _aeng
_2eng
084 _a658.45, NIR
_qFEDL
100 _aNiraj Kumar
245 0 _aCommunication and management
260 _aNew Delhi, India
_bGyan Publishing House
_c1997
300 _a520p.
942 _cTEXL
_h658.45, NIR
999 _c1384632
_d1384632